| 000 | 01001nam a22002777a 4500 | ||
|---|---|---|---|
| 001 | BR7907039 | ||
| 003 | BR-BrBNA | ||
| 005 | 20230928090234.0 | ||
| 007 | ta | ||
| 008 | 230509b bl.||||| |||| 00| 0 por d | ||
| 040 |
_aBR-BrBNA _bpor _cBiblioteca Nacional de Agricultura |
||
| 041 | _a(Por) | ||
| 072 |
_aL73; L72 _b6100 _b4140 _b/G514 |
||
| 090 | _ 6100 BR7907039 | ||
| 100 | 1 | _aMassard, C.L. | |
| 110 | 1 |
_aUniversidade Federal Rural do Rio de Janeiro, Itaguai (Brasil) _0Tese (Doutor em Ciencias) _911225 |
|
| 245 | 1 | _aSignificancia das infeccoes causadas por Plasmodium (Noryella)juxtanucleare Versiane Gomes, 1941 (Halmosporididia: Plasmodiidae)em Gallus gallus L. de criacao Industrial no Estado do Rio de Janeiro [galinha, protozoario, Leucose, Brasil] | |
| 260 | 3 |
_aItaguai, RJ (Brasil): _c1979. |
|
| 300 | _a67 p. | ||
| 500 | _a29 ref.; 10 illus. | ||
| 650 | _aGALINHA | ||
| 650 | _aLEUCOSE | ||
| 650 | _aMALARIA AVIARIA | ||
| 909 |
_a202309 _bLucia _c55 _dLucia Elande |
||
| 942 | _cBK | ||
| 999 |
_c28148 _d28148 |
||